Ninja Characters A-Z - Statistics

General Stats
  • This quiz has been taken 5 times
  • The average score is 11 of 25
Answer Stats
Hint Series Answer % Correct
D The smartest of all the turtles he is depicted wearing a purple mask and using Bo staff. Teenage Mutant Ninja Turtles Donatello
100%
E The amalgam of the souls of deceased warriors to serve as an enforcer for Shao Kahn. Mortal Kombat Ermac
100%
L A mischievous child wanting to be an evil warlord just like his father but later became the green Ninja. Ninjago: Masters of Spinjitzu Lloyd Montgomery Garmadon
100%
C A Fat Shinobi who can fly because of his butterfly wings ninjutsu and he is the best friend of Shikamaru. Naruto Chōji Akimichi
67%
I A member of Akatsuki who killed his own clan and he is Sasuke's older brother. Naruto Itachi Uchiha
67%
O A snake-like Ninja whose a part of the legendary sannin but later left konoha. Naruto Orochimaru
67%
R The game's demon-human hybrid protagonist and the wielder of the dragon sword. Ninja Gaiden Ryu Hayabusa
67%
S A mute Ninja and the sword brother of Storm Shadow but later became his unintentional rival. G.I. Joe Snake Eyes
67%
B Carlos LaMuerto Alter Ego. He has superhuman speed, reflexes, strength, durability and powerful healing factor. The Amazing Spiderman Black Tarantula
33%
F The protagonist known as Gray Fox and then later became known as Cyborg Ninja. Metal Gear Frank Jaeger
33%
G A silent and commited ninja who is kind of a lone wolf and Pucca's love interest. Pucca Garu
33%
J A monk ninja who is Orchid's younger brother and the male protagonist of the game. Killer Instinct Jago
33%
K The Antagonist(later became anti-hero) and the half-brother of Recca Hanabishi. Flame of Recca Kurei Mori
33%
M An assassin archer contract killer who is the archenemy of Green arrow. Justice League Malcolm Merlyn
33%
N The wealthy son of a master spy who was killed by Iwatu, He trained to be a Ninja to revenge his falled father. Bloodshot Ninjak
33%
P Twin brother of Captain Britain, who placed her mind in a Ninja named Kwannon. X-Men Psylocke
33%
T She is a demon-hunting ninja and the greatest shinobi in Fu-Ma ninja clan. Soul Calibur Taki
33%
U He is the jinchuriki of the Six-tails who hailed from Kirigakure. Naruto Utakata
33%
X The offstring daughter of Ron who never acknowledged her, later trained by Lin to become useful to her father. King of Fighters Xiao Lon
33%
Y The Successor of the Manji Clan's blade and a good friend of Dr. Bosconovitch. Tekken Yoshimitsu
33%
Z The leader of the Order of Shadow. Shen's Non-Biological Brother who he grew up with. League of Legends Zed
33%
A Rikimaru's young prodigy assassin partner who with him is serving the local clan's lord. Tenchu Ayame
0%
H Formerly known as Ein and the 18th master of the Mugen Tenshin Clan. Dead or Alive Hayate
0%
V A shark-like alien bounty hunter and the "sworn enemy" and rival of Lothor. Power Rangers Ninja Storm characters Vexacus
0%
W A member of Team 15 alongside Sumire Kakei and Namida Suzumeno. Boruto Wasabi
0%
No matching quizzes found
Score Distribution
Percent of People with Each Score
Percentile by Number Answered
Your Score History
You have not taken this quiz